000
00331nam a2200133Ia 4500
008
231129s1971||||xx |||||||||||||| ||spa||
040
_b
spa
082
_a
813 W753h
100
_a
Wilson Sloan
245
0
_a
El hombre del traje gris
260
_c
1971
264
_a
Barcelona España : Círculo de Lectores
942
_2
ddc
_c
BKS
999
_c
11260
_d
11260